Homilías apologéticas: refutación de la objeciones mas comunes contra la religión
Saved in:
| Main Author: | |
|---|---|
| Format: | Book |
| Language: | Spanish |
| Published: |
Barcelona
Libreria Catolica Internacional Luis Gili
1916
|
| Edition: | 2a. ed |
| Subjects: | |
| Tags: |
Add Tag
No Tags, Be the first to tag this record!
|
MARC
| LEADER | 00000cam a2200000 a 4500 | ||
|---|---|---|---|
| 001 | UCD0828 | ||
| 003 | CL-VaPUC | ||
| 008 | 151218e19160000sp |||||||||||||||||spa|d | ||
| 082 | 0 | 4 | |a 281 |b PIA |2 21 |
| 100 | 0 | |a Piaggio, Agustín |e author |9 583853 | |
| 245 | 1 | 0 | |a Homilías apologéticas: refutación de la objeciones mas comunes contra la religión |
| 250 | |a 2a. ed | ||
| 300 | |a 392 p | ||
| 942 | |c BK | ||
| 945 | |d 20151218 14:15:00 |a gsalatino | ||
| 260 | |a Barcelona |b Libreria Catolica Internacional Luis Gili |c 1916 | ||
| 650 | 7 | |a HOMILIA |2 CL-VaPUC |9 583854 | |
| 650 | 0 | |a Apologética |9 269349 | |
| 650 | 0 | |a Patrología |9 349346 | |
| 583 | |a last modification |c 20151218 14:15:00 |k Rodrigo Vera | ||
| 999 | |c 362265 |d 362263 | ||
| 952 | |0 0 |1 0 |3 erd |4 0 |6 281_000000000000000_PIA_1916 |7 0 |8 P |9 473317 |a BIBTEO |b BIBTES |c TEO_FTES |i 5273633 |o 281 PIA 1916 |p 5273633 |r 2024-01-18 |w 2019-11-24 |y BK |z Catalogado en:20151218 |k ICR | ||